000 00661cam a22002531 4500
001 sa 65005505
003 DLC
005 20260227112138.0
008 890705s1965 ii b 000 0 hino
010 _asa 65005505
035 _a(OCoLC)19965050
040 _aDLC
_cWaU
_dDLC
042 _apremarc
043 _aa-ii---
050 0 0 _aPK2916
_b.U57
100 1 _aUpadhyay, Ramji,
_d1920-
245 1 0 _aSaṃskr̥ta ke mahākavi aura kāvya.
260 _c1965.
300 _a8, 444 p.
_c23 cm.
500 _aIn Hindi.
504 _aBibliographical footnotes.
650 0 _aSanskrit poetry
_xHistory and criticism.
700 1 _aMiśra, Rāmaprasāda.
999 _c64366
_d64366